| 000 | 00572nam a2200193 a 4500 | ||
|---|---|---|---|
| 005 | 20240924064400.0 | ||
| 008 | 030212s1969 fr r 000 0 eng d | ||
| 035 | _aUPN01000121907 | ||
| 049 | _aF | ||
| 050 | 4 |
_aLB2806 _bC8.5 |
|
| 100 | 1 |
_aCurle, Adam, _d1916-2006 _931297 |
|
| 245 | 1 | 4 |
_aThe professional identity of the educational planner / _cAdam Curle. |
| 260 |
_aParis : _bUNESCO, _c1969. |
||
| 300 | _a49 p. | ||
| 440 | 0 |
_aFundamentals of educational planning : _v11 |
|
| 500 | _a"IIEP.66/II.11/A" | ||
| 650 | 4 |
_aEducación _xPlanificación _91146 |
|
| 905 | _aLibro | ||
| 999 |
_c94120 _d94120 |
||